La estructura de poder en una región ladina de Guatemala el Departamento de Jutiapa
Guardado en:
| Autor principal: | |
|---|---|
| Formato: | Desconocido |
| Lenguaje: | Spanish |
| Publicado: |
Guatemala
Editorial "José de Pineda Ibarra", Ministerio de Educación
1972
|
| Materias: | |
| Etiquetas: |
Agregar Etiqueta
Sin Etiquetas, Sea el primero en etiquetar este registro!
|
MARC
| LEADER | 000000000a22000000004500 | ||
|---|---|---|---|
| 001 | 002126 | ||
| 008 | 171213b xxu||||| |||| 00| 0 spa d | ||
| 041 | 0 | |a spa | |
| 082 | 0 | 4 | |a 306.342 |b D966c |
| 100 | 1 | |a Durston, John W. | |
| 245 | 1 | 3 | |a La estructura de poder en una región ladina de Guatemala |b el Departamento de Jutiapa |
| 260 | |a Guatemala |b Editorial "José de Pineda Ibarra", Ministerio de Educación |c 1972 | ||
| 300 | |a 178 páginas | ||
| 500 | |a Número de inscripción 02542 | ||
| 650 | 4 | |a GUATEMALA | |
| 650 | 4 | |a PODER (CIENCIAS SOCIALES) | |
| 650 | 4 | |a CONDICIONES SOCIALES | |
| 650 | 4 | |a POLITICA Y GOBIERNO | |
| 650 | 4 | |a CONDICIONES ECONOMICAS | |
| 942 | |2 ddc |c BK | ||
| 999 | |c 2995 |d 2995 | ||
